000
00252nam a2200097Ia 4500
008
190216s9999||||xx |||||||||||||| ||und||
100
_a
Senth Metha
245
2
_a
A Simple States Of Business Organisation
260
_b
Himalaya Publishing House
942
_c
BK
999
_c
4681
_d
4681